Loading...
| Beliefs | 5 | 10.00 | 40% | 20% | 40% |
| Fine Arts - Classical Music and Opera | 1 | 10.00 | 0% | 100% | 0% |
| Fine Arts - Other | 8 | 12.50 | 25% | 75% | 25% |
| Fine Arts - Visual | 4 | 12.50 | 75% | 50% | 0% |
| Geography | 1 | 10.00 | 100% | 0% | 0% |
| History - European | 4 | 10.00 | 0% | 50% | 50% |
| History - Other | 3 | 13.33 | 0% | 100% | 33% |
| History - US | 5 | 18.00 | 60% | 40% | 80% |
| History - World | 3 | 10.00 | 0% | 67% | 33% |
| Literature - American | 5 | 10.00 | 40% | 20% | 40% |
| Literature - British | 5 | 16.00 | 20% | 60% | 80% |
| Literature - European | 2 | 20.00 | 50% | 100% | 50% |
| Literature - World | 5 | 12.00 | 40% | 0% | 80% |
| Modern World | 2 | 10.00 | 50% | 0% | 50% |
| Other Academic | 2 | 5.00 | 50% | 0% | 0% |
| Philosophy | 4 | 15.00 | 25% | 75% | 50% |
| Science - Astronomy | 1 | 20.00 | 100% | 100% | 0% |
| Science - Biology | 5 | 8.00 | 20% | 40% | 20% |
| Science - Chemistry | 4 | 17.50 | 50% | 25% | 100% |
| Science - Other | 4 | 10.00 | 50% | 50% | 0% |
| Science - Physics | 2 | 10.00 | 0% | 0% | 100% |
| Social Science | 1 | 10.00 | 0% | 0% | 100% |